000 01656nam2a2200349 4500
001 RU\NLR\DIGIT\55839
005 20250806203803.0
035 _a(NLR Aleph) 010126697
090 _a42372
_c42372
100 _a20250806 rusy50
101 0 _arus
102 _aRU
135 _acrzn 008aaaup
200 1 _a№ 224(3185)
210 _aХанты-Мансийск
_d6 ноября 1945
215 _a2 с.
325 _aStalinskaya_tribuna_1945_N224
325 _aКопия доступна в Электрон. б-ке РНБ http://vivaldi.nlr.ru/pn000007889/view
461 0 _1001RU\NLR\DIGIT\35024
_12001#$aСталинская Трибуна$eОрган Ханты-Мансийского окружкома и Самаровского райкома ВКП(б) и Ханты-Мансийского окрсовета депутатов трудящихся$v№ 224(3185)
_1210##$aХанты-Мансийск$eХанты-Мансийская тип. изд-ва газеты "Сталинская Трибуна"$d1945
702 _aВоронцов
_bГ.Ф.
_4340
801 2 _aRU
_bNLR
_c20070626
_2rusmarc
852 _aNLR
_jР 2460, С 40147
856 0 _uhttp://vivaldi.nlr.ru/pn000007889/view
856 1 _uhttp://vivaldi.nlr.ru/pn000007889/cover
856 2 _uhttp://vivaldi.nlr.ru/pn000007889/text
942 _cISSNP
945 _aРоссийская национальная библиотека
980 _aNB
980 _aBV
981 3 6 _a(36) Цифровой репозиторий РНБ
981 2 7 _a(27) Периодические издания
_b(27) Газеты